| Поле | Название | Значение |
| |
Тип записи |
a |
| |
Библиографический уровень |
m |
| 001 |
Контрольный номер |
RU/IS/BASE/426267099 |
| 005 |
Дата корректировки |
20200928101445.1 |
| 010 |
Индекс ISBN |
__ |
| a |
ISBN |
5-89481-022-1 |
| d |
Цена |
56-00 |
| 200 |
Заглавие и сведения об ответственности |
1_ |
| a |
Заглавие |
Практическое руководство по анестезиологии |
| f |
Первые сведения об ответственности |
Под ред. В. В. Лихванцева |
| 210 |
Выходные данные |
1_ |
| a |
Место издания |
М. |
| c |
Издательство |
МИА |
| d |
Дата издания |
1998 |
| 215 |
Физическое описание |
__ |
| a |
Объем |
286, [2] с. |
| 318 |
Примечание о действии |
__ |
| a |
Действие |
п |
| 606 |
Тематические рубрики |
__ |
| a |
Основная рубрика |
медицина |
| 610 |
Ключевые слова |
0_ |
| a |
Ключевые слова |
анестезиология |
| 686 |
Индексы других классификаций |
__ |
| a |
Индекс ББК |
54.5 |
| 801 |
Источник записи |
_0 |
| a |
Страна |
RU |
| b |
Организация |
ЦРБ, Сургут |
| 801 |
Источник записи |
_1 |
| a |
Страна |
RU |
| b |
Организация |
ЦРБ, Сургут |
| 852 |
Данные о местонахождении |
__ |
| j |
Шифр хранения |
54.5 |
| i |
Авторский знак |
П69 |
| p |
Инвентарный номер |
62472 |
| b |
Сигла хранения |
ООЧ; 14; 16 |
| 901 |
Тип документа |
__ |
| t |
Тип документа |
m |
| 990 |
Данные о заказе (DOS) |
__ |
| j |
Количество экземпляров (DOS) |
5 |